000 01951cam a22004694i 4500
003 PE-LiUPU
005 20250731172918.0
008 150617s r 000 0 d
035 _a(Sirsi) a19001
040 _aPE-LiUPU
_bspa
_cPE-LiUPU
_erda
049 _aPRUA
082 0 4 _a280.4
_bE92
_221
100 1 _aEstruch, Juan,
_eautor.
245 1 4 _aLos protestantes españoles /
_cJuan Estruch.
264 1 _aBarcelona :
_bEditorial Nova Terra,
_c1968.
300 _a217 páginas ,, diagramas ;
_c18 cm
336 _atext
_2rdacontent
337 _aunmediated
_2rdamedia
338 _avolume
_2rdacarrier
490 0 _aColección "Sociología y pastoral. Serie "Estudios monográficos ;
_v7
504 _aIncluye bibliografía.
505 0 _aLas comunidades protestantes de Barcelona -- Caracteres sociológicos de las comunidades protestantes de Barcelona -- La integración en la sociedad -- Algunas conclusiones al estudio de las comunidades protestantes de Barcelona: el status del protestante Barcelonés -- La práctica religiosa -- Actividades de las parroquias y ocios de sus miembros -- El factor de la movilidad -- La conversión -- La libertad Religiosa -- El protestantismo español y el ecumenismo.
526 _aSEG42
526 _aSEG41
526 _aSEG40
526 _aSEG39
526 _aP94
526 _aP87
526 _aP86
526 _aP85
526 _aP77
526 _aP76
526 _aP35
650 0 4 _aProtestantismo
_zEspaña.
910 _ajck
_bjvq
_cjck
_d20150616
942 _2ddc
_cBOOK
949 _a280.4 E92
_wDEWEY
_c1
_i17928
_lCCODEBUL1
_mBUL
_p00.00
_r0
_sY
_tBOOK
_u19800623
_xTEOLOGIA
_PP35
_0COMPRA
_o.STAFF. Colección General
994 _aC0
_bPEPRU
596 _a1
999 _a280.4 E92
_wDEWEY
_c18756
_i17928
_f2021-11-12
_g5
_lCCODEBUL1
_mBUL
_r0
_sY
_tBOOK
_u2015-6-17
_xTEOLOGIA
_PP35
_0COMPRA
_o.STAFF. Colección General
_d18756
980 _81
_gALBERTO SANCHEZ Responsable de Automatización